书目信息 |
| 题名: |
魏晋南北朝隋唐史学的基本问题
|
|
| 作者: | 谷川道雄 主编 | |
| 分册: | ||
| 出版信息: | 北京 中华书局 2010 |
|
| 页数: | 385页 | |
| 开本: | 24cm | |
| 丛书名: | ||
| 单 册: | ||
| 中图分类: | K235.07 , K241.07 | |
| 科图分类: | ||
| 主题词: | 魏晋南北朝时代--历史--文集 , 隋唐时代--历史--文集 , 魏晋南北朝时代 , 历史 , 隋唐时代 | |
| 电子资源: | ||
| ISBN: | 978-7-101-07407-9 | |
| 000 | 00988nam0 22003011 450 | |
| 001 | 524 | |
| 005 | 20140910105544.40 | |
| 010 | @a978-7-101-07407-9@dCNY58.00 | |
| 100 | @a20101227d2010 em y0chiy50 ea | |
| 101 | 1 | @achi@cjpn |
| 102 | @aCN@b110000 | |
| 105 | @ay z 000yy | |
| 106 | @ar | |
| 200 | 1 | @a魏晋南北朝隋唐史学的基本问题@AWei Jin Nan Bei Chao Sui Tang Shi Xue De Ji Ben Wen Ti@f(日)谷川道雄主编 |
| 210 | @a北京@c中华书局@d2010 | |
| 215 | @a385页@d24cm | |
| 300 | @a中国史学的基本问题 | |
| 330 | @a本书内容包括:中华世界、唐代的对外贸易与在华外国人的相关问题、论胡族国家、南北朝时期的蛮酋、六朝贵族制与官僚制、律令法等。 | |
| 606 | 0 | @a魏晋南北朝时代@x历史@j文集 |
| 606 | 0 | @a隋唐时代@x历史@j文集 |
| 606 | 0 | @a魏晋南北朝时代 |
| 606 | 0 | @a历史 |
| 606 | 0 | @a隋唐时代 |
| 690 | @aK235.07@v5 | |
| 690 | @aK241.07@v5 | |
| 701 | 0 | @g(日)@a谷川道雄@AGu Chuan Dao Xiong@f(1925.12~)@4主编 |
| 801 | 0 | @aCN@bTANGWEI@c20140603 |
| 905 | @b0836424-26@dK235.07@e51@f3 | |
| 魏晋南北朝隋唐史学的基本问题/(日)谷川道雄主编.-北京:中华书局,2010 |
| 385页;24cm |
| 中国史学的基本问题 |
| ISBN 978-7-101-07407-9:CNY58.00 |
| 本书内容包括:中华世界、唐代的对外贸易与在华外国人的相关问题、论胡族国家、南北朝时期的蛮酋、六朝贵族制与官僚制、律令法等。 |
| ● |
| 相关链接 |
|
|
|
|
正题名:魏晋南北朝隋唐史学的基本问题
索取号:K235.07/51
 
预约/预借
| 序号 | 登录号 | 条形码 | 馆藏地/架位号 | 状态 | 备注 |
| 1 | 0836424 | 208364241 | 第二样本阅览室/ [索取号:K235.07/51] | 在馆 | |
| 2 | 0836425 | 208364250 | 第二借阅区/ [索取号:K235.07/51] | 在馆 | |
| 3 | 0836426 | 208364269 | 密集书库-史法系/ [索取号:K235.07/51] | 在馆 |